[Event "World Cup U12 Prel"]
[Site "Tornelo INT"]
[Date "2021.08.06"]
[Round "6"]
[White "Murray, Zachary"]
[Black "Sarkar, Souryadipta"]
[Result "0-1"]
[WhiteElo "1323"]
[BlackElo "1134"]
[PlyCount "154"]
[EventDate "2021.08.06"]
[EventType "swiss (rapid)"]
[EventRounds "10"]
[EventCountry "NET"]
[SourceTitle "EXT 2025"]
[Source "ChessBase"]
[SourceDate "2024.10.14"]
[SourceVersion "1"]
[SourceVersionDate "2024.10.14"]
[SourceQuality "1"]

1. e4 c5 2. c3 d5 3. e5 Nc6 4. d4 e6 5. Nf3 b6 6. g3 Bb7 7. Bg2 g6 8. Bg5 Qc7 9. Na3 a6 10. Nc2 Bg7 11. Ne3 Nge7 12. Rc1 c4 13. Ng4 0-0 14. Bh6 Nf5 15. Bxg7 Kxg7 16. Nh4 Nce7 17. Bh3 Nxh4 18. gxh4 Nf5 19. h5 Rh8 20. Nf6 Ne7 21. Qd2 Ng8 22. Nxg8 Rhxg8 23. Ke2 Qe7 24. Rhg1 Qh4 25. h6+ Qxh6 26. Qxh6+ Kxh6 27. Ke3 Kg7 28. Bg4 b5 29. Bd1 f6 30. Bg4 Kf7 31. exf6 Kxf6 32. Rg3 Ke7 33. Rh3 h5 34. Bd1 Bc8 35. Rf3 Bd7 36. b3 Raf8 37. Rxf8 Kxf8 38. bxc4 dxc4 39. Bf3 Ke7 40. Bb7 a5 41. Rb1 Rb8 42. Ba6 Rb6 43. a4 Rxa6 44. axb5 Rb6 45. Kd2 Rxb5 46. Rxb5 Bxb5 47. Kc2 Kf6 48. Kb2 Kf5 49. Kc1 Ke4 50. Kd2 Kf3 51. Ke1 a4 52. d5 exd5 53. h4 a3 54. Kd2 a2 55. Kc2 a1R 56. Kb2 Rf1 57. Ka3 Ba4 58. Kb4 Bb3 59. Kc5 Rd1 60. Kb4 Kg4 61. Kc5 Kxh4 62. Kb4 Kg4 63. Kc5 h4 64. Kb4 h3 65. Kc5 h2 66. Kb4 h1Q 67. Kc5 Qe4 68. Kb4 Qe7+ 69. Kb5 Ba4+ 70. Kxa4 Ra1+ 71. Kb5 Qb7+ 72. Kc5 Ra5+ 73. Kd4 Qb6+ 74. Ke5 d4+ 75. Ke4 Qe6+ 76. Kxd4 Qd5+ 77. Ke3 Qd3# 0-1

[Event "World Cup U12 Prel"]
[Site "Tornelo INT"]
[Date "2021.08.06"]
[Round "2"]
[White "Sarkar, Souryadipta"]
[Black "Bharadia, Yash"]
[Result "0-1"]
[WhiteElo "1134"]
[BlackElo "1675"]
[PlyCount "66"]
[EventDate "2021.08.06"]
[EventType "swiss (rapid)"]
[EventRounds "10"]
[EventCountry "NET"]
[SourceTitle "EXT 2025"]
[Source "ChessBase"]
[SourceDate "2024.10.14"]
[SourceVersion "1"]
[SourceVersionDate "2024.10.14"]
[SourceQuality "1"]

1. c4 e5 2. Nc3 Nc6 3. g3 Nf6 4. Bg2 Bb4 5. e3 Bxc3 6. bxc3 d6 7. Ne2 h5 8. Qb3 h4 9. d4 e4 10. h3 hxg3 11. Nxg3 Qe7 12. Ba3 Rb8 13. c5 b5 14. Qc2 d5 15. Rb1 a5 16. Ke2 Ba6 17. Kd2 g6 18. f3 Rh4 19. f4 a4 20. Bb4 Nxb4 21. Rxb4 c6 22. a3 Bc8 23. Rbb1 Bf5 24. Ne2 Kd7 25. Ng3 Rbh8 26. Rh2 Qd8 27. Rbh1 Nh5 28. Nxf5 gxf5 29. Rg1 Rg8 30. Qd1 Rg3 31. Bh1 Qg8 32. Rhg2 Rhxh3 33. Qf1 Qg4 0-1

[Event "World Cup U12 Prel"]
[Site "Tornelo INT"]
[Date "2021.08.06"]
[Round "1"]
[White "Zheng, Harry Z"]
[Black "Sarkar, Souryadipta"]
[Result "0-1"]
[WhiteElo "1685"]
[BlackElo "1134"]
[PlyCount "102"]
[EventDate "2021.08.06"]
[EventType "swiss (rapid)"]
[EventRounds "10"]
[EventCountry "NET"]
[SourceTitle "EXT 2025"]
[Source "ChessBase"]
[SourceDate "2024.10.14"]
[SourceVersion "1"]
[SourceVersionDate "2024.10.14"]
[SourceQuality "1"]

1. e4 c5 2. Nf3 d6 3. d4 cxd4 4. Nxd4 Nf6 5. Nc3 g6 6. Be3 Bg7 7. f3 0-0 8. Qd2 Nc6 9. 0-0-0 Bd7 10. g4 h5 11. gxh5 Nxh5 12. Be2 Rc8 13. f4 Nxd4 14. Bxd4 Nxf4 15. Qxf4 Bxd4 16. h4 Bxc3 17. bxc3 Qa5 18. Bd3 Qa3+ 19. Kd2 Qxc3+ 20. Ke2 Qe5 21. Qxe5 dxe5 22. Rdg1 Kg7 23. h5 Rh8 24. Rg5 Kf6 25. Rg3 Rxh5 26. Rb1 b6 27. Rg2 Rch8 28. Rf1+ Kg7 29. Bc4 e6 30. Rff2 Rh4 31. Bd3 Rf4 32. Rg5 Rxf2+ 33. Kxf2 f6 34. Rg2 g5 35. Kg3 Rh4 36. Rd2 Bc6 37. Bc4 Rxe4 38. Bxe6 Rd4 39. Rh2 Bd7 40. Bb3 Rd6 41. Bc4 Bf5 42. Rf2 Bg6 43. Bb3 f5 44. Re2 e4 45. Re1 Kf6 46. Rf1 f4+ 47. Kg2 e3 48. Bc4 Be4+ 49. Kh3 Kf5 50. Be2 Rh6+ 51. Bh5 Rxh5# 0-1